| 000 | 00534nam a2200181Ia 4500 | ||
|---|---|---|---|
| 008 | 151202s9999||||xx |||||||||||||| ||und|| | ||
| 082 | _bPNVM-63714 | ||
| 100 | _aमगदुम वृषाली. | ||
| 245 | _aकोलाज. | ||
| 260 | _b"डिंपल पब्लिकेशन, ठाणे." | ||
| 260 | _c63714 | ||
| 300 | _a144 | ||
| 600 | _aमगदुम वृषाली. | ||
| 630 | _aकोलाज. | ||
| 700 | _aमगदुम वृषाली. | ||
| 730 | _aकोलाज. | ||
| 942 | _cBOOK | ||
| 999 |
_c1330248 _d1330245 |
||